| 000 | 00344nam a2200109Ia 4500 | ||
|---|---|---|---|
| 008 | 240129s9999 xx 000 0 und d | ||
| 100 | _aSHUKLA, ARCHANA | ||
| 245 | 0 | _aUDAR ROG MEIN GRAH YOG KEE SAMEEKSHA VARTAMAAN SANDARBH MEIN SAMAALOCHANAATMAK ADHYAYAN | |
| 260 |
_bMEWAR UNIVERSITY, CHITTORGARH _c2021 |
||
| 650 | _aAstrology | ||
| 942 | _cTHE | ||
| 999 |
_c218962 _d218962 |
||